000 00939cam a2200265 a 4500
001 2109924
005 20251108143543.0
008 971105s1997 caua 000 0 eng
020 _a0671570137
_qclassroom manual
020 _a0671570145
_qshop manual
020 _a9780671570132
_q(classroom manual)
020 _a9780671570149
_q(shop manual)
050 0 0 _aTL263
_b.A896 1997
082 0 0 _a629.2/446
_221
245 0 0 _aAutomatic transmissions & transaxles /
_cby Chek-Chart Publications ; William J. Turney, editor.
250 _a3rd ed.
260 _aSunnyvale, CA :
_bChek-Chart Publications,
_cc1997.
300 _a2 v. :
_bill. ;
_c28 cm.
500 _aIncludes index.
650 0 _aAutomobiles
_xTransmission devices, Automatic.
650 0 _aAutomobiles
_xTransmission devices, Automatic
_xMaintenance and repair.
700 1 _aTurney, William J.
710 2 _aChek-Chart Publications (Firm)
942 _2lcc
_cBK
_e3rd ed.
_n0
999 _c8161
_d8161